Zástavní listiny Zikmunda Lucemburského na církevní statky (1420-1437)
| Titel: | Zástavní listiny Zikmunda Lucemburského na církevní statky (1420-1437) = The deeds of pledge of Sigismund of Luxembourg for the Church estates (1420-1437) / Stanislav Bárta |
|---|---|
| Verfasser: | |
| Ausgabe: | Vydání první |
| Veröffentlicht: | Brno : Filozofická fakulta, Masarykova univerzita, 2016 |
| Umfang: | 302 Seiten : Illustrationen, Faksimiles ; 23 cm |
| Format: | Buch |
| Sprache: | Tschechisch; Latein; Deutsch |
| Schriftenreihe/ mehrbändiges Werk: |
Spisy Filozofické fakulty Masarykovy univerzity ; 457 Opera Facultatis philosophicae Universitatis Masarykianae |
| ISBN: | 8021084596 ; 9788021084599 |
| Hinweise zum Inhalt: |
Inhaltsverzeichnis
Abstract |
alg: 41774184 001A $03004:12-10-17 001B $01999:07-02-25 $t07:23:08.000 001D $03004:12-10-17 001U $0utf8 001X $00 002@ $0Aau 002C $aText $btxt $2rdacontent 002D $aohne Hilfsmittel zu benutzen $bn $2rdamedia 002E $aBand $bnc $2rdacarrier 003@ $0417741847 004A $080-210-8459-6 004A $A978-80-210-8459-9 007A $0BV044483839 $aBVB 007G $0DE020AD1F372F3E02C18FC12581BC003AB608 009P $qapplication/pdf $A2 $3Inhaltsverzeichnis $uhttp://scans.hebis.de/HEBCGI/show.pl?41774184_toc.pdf $mV:DE-603;B:DE-Mb50 009P $qapplication/pdf $3Abstract $uhttp://bvbr.bib-bvb.de:8991/F?func=service&doc_library=BVB01&local_base=BVB01&doc_number=029883971&sequence=000005&line_number=0003&func_code=DB_RECORDS&service_type=MEDIA $mDigitalisierung BSB M��nchen 19 - ADAM Catalogue Enrichment 010@ $acze $alat $ager 010E $erda 011@ $a2016 $n2016 013D $RQuellenforschung $#History -- Sources $#Histoire -- Sources $#Akten Formschlagwort $#Augenzeugenbericht Formschlagwort $#Texte Formschlagwort $#Historische Quelle $#Geschichtsquelle $#Quellensammlung $#Quellen $74135952-5 $8Quelle [Ts1] $9085503576 021A $aZástavní listiny Zikmunda Lucemburského na církevní statky (1420-1437) $fThe deeds of pledge of Sigismund of Luxembourg for the Church estates (1420-1437) $hStanislav Bárta 028A $BVerfasser $4aut $71026977762 $8Bárta, Stanislav$Z1979- [Tp3] $9310251478 032@ $aVydání první 033A $pBrno $nFilozofická fakulta, Masarykova univerzita 034D $a302 Seiten 034I $a23 cm 034M $aIllustrationen, Faksimiles 036E $aSpisy Filozofické fakulty Masarykovy univerzity $l457 Opera Facultatis philosophicae Universitatis Masarykianae 037A $a250 výtisků 037A $aLiteraturverzeichnis: Seite 271-279 037A $aTeilweise Querdruck 039U $aRezensiert in $8--Oou--Jan, Libor$Z1960- [Tp1]. Bárta, Stanislav: Zástavní listiny Zikmunda Lucemburského na církevní statky (1420-1437), 2017 $9492718164 039U $aRezensiert in $8--Oou--Krzenck, Thomas$Z1959- [Tp1]. [Bárta, Stanislav: Zástavní listiny Zikmunda Lucemburského na církevní statky (1420-1437)], 2018 $9506127281 044K $RKarl $RElisabeth $RBarbara $RElisabeth $#Sigmund$#Siegmund $#Sigismundus $#Sigismundus $#Sigismundus $#Sigismundus Imperator Romae $#Sigmund $#Sigismund $#Sigismund $#Sigismund $#Sigismond $#Zygmunt Luksemburski $#Zikmund Lucemburský $#Zsigmond $#Siegmund $#Žigmund Luxemburský $#Sigismundus $#Luxemburg, Sigismund von $#Luxemburg, Siegmund von $#Luxemburg, Zikmund von $#Luxemburg, Zsigmond von $#Luksemburški, Žigmund $#Sigismund $#Sigmund $#Sigmund $#Sigismund $#Siegmund $#Sigismund $#Sigismundus $7118614185 $8$PSigismund$lHeiliges Römisches Reich, Kaiser$Z1368-1437 [Tp1] $9086955136 044K $RMobiliarsicherheit $RDingliches Recht $RVerpfändung $74045466-6 $8Pfandrecht [Ts1] $9085127515 044K $RVermögen $#Church property $#Biens ecclésiastiques $#Patrimonio eclesiástico $#Kirchenbesitz $#Kirche Vermögen $#Kirchenvermögen $#Vermögen Kirche $#Bona temporalia Ecclesiae $74163918-2 $8Kirchengut [Ts1] $9085728918 045F $a330.09437109024 $eDDC22BSB 045F/01 $a330.09 045F/03 $f09024 045F/03 $g4371 045G $a200.9437109024 $eDDC22BSB 045G/01 $a200.9 045G/03 $f09024 045G/03 $g4371 045R $aGeschichte 045T $aOST $qDE-12 $2FID 046L $aText tschechisch, teilweise deutsch und Latein. Zusammenfassung in englischer Sprache lok: 41774184 24 exp: 41774184 24 1 #EPN 201B/01 $012-10-17 $t15:46:59.000 201C/01 $012-10-17 201U/01 $0utf8 203@/01 $01008403628 208@/01 $a12-10-17 $bz 209A/01 $a17.06010 $du $f050 $h17 06010 $x00 209C/01 $a17.06010 K $h17 06010 K 209G/01 $a73931347 $x00 220C/01 $akon 247C/01 $8358050-7 Marburg, Bibliothek des Herder-Instituts Marburg $9102600961 lok: 41774184 78 exp: 41774184 78 1 #EPN 201B/01 $013-12-21 $t14:58:54.000 201C/01 $013-12-21 201U/01 $0utf8 203@/01 $01175079014 208@/01 $a13-12-21 $be 209A/01 $a/ $f000 $x00 209A/01 $ab*p $x01 220C/01 $apgar 244Z/01 $#Böhmische Kronländer $#Länder der Böhmischen Krone $#Sudetenland $#Böhmen $#Mähren $#Mährisch-Schlesien $#Österreichisch-Schlesien $#Tschechische Sozialistische Republik Böhmische Länder $#Tschechei Böhmische Länder $#Země koruny české $74069573-6 $8--Tg1--Böhmische Länder $x01 $9085195553 247C/01 $82080>Marburg/Lahn, Herder-Institut, Forschungsbibliothek, Bibliographieportal $9336309341
| LEADER | 00000cam a2200000 c 4500 | ||
|---|---|---|---|
| 001 | 417741847 | ||
| 003 | DE-603 | ||
| 005 | 20250207072308.0 | ||
| 007 | tu | ||
| 008 | 171012s2016 xx |||| | u00||u|cze c | ||
| 020 | |a 8021084596 | ||
| 020 | |a 9788021084599 | ||
| 035 | |a (DE-599)BVBBV044483839 | ||
| 040 | |a DE-603 |b ger |c DE-603 |d DE-603 |e rda | ||
| 041 | |a cze |a lat |a ger | ||
| 082 | 0 | 4 | |8 1\u |a 330.09437109024 |q DE-101 |2 22/BSB |
| 083 | 0 | |8 2\u |a 200.9437109024 |q DE-101 |2 22/BSB | |
| 084 | |a OST |q DE-12 |2 fid | ||
| 085 | |8 1\u |b 330.09 | ||
| 085 | |8 1\u |z 1 |s 09024 | ||
| 085 | |8 1\u |z 2 |s 4371 | ||
| 085 | |8 2\u |b 200.9 | ||
| 085 | |8 2\u |z 1 |s 09024 | ||
| 085 | |8 2\u |z 2 |s 4371 | ||
| 100 | 1 | |a Bárta, Stanislav |d 1979- |e Verfasser |4 aut |0 (DE-603)310251478 |0 (DE-588)1026977762 |2 gnd | |
| 245 | 0 | 0 | |a Zástavní listiny Zikmunda Lucemburského na církevní statky (1420-1437) |b = The deeds of pledge of Sigismund of Luxembourg for the Church estates (1420-1437) |c Stanislav Bárta |
| 250 | |a Vydání první | ||
| 264 | 1 | |a Brno |b Filozofická fakulta, Masarykova univerzita |c 2016 | |
| 300 | |a 302 Seiten |b Illustrationen, Faksimiles |c 23 cm | ||
| 336 | |a Text |b txt |2 rdacontent | ||
| 337 | |a ohne Hilfsmittel zu benutzen |b n |2 rdamedia | ||
| 338 | |a Band |b nc |2 rdacarrier | ||
| 490 | 0 | |a Spisy Filozofické fakulty Masarykovy univerzity |v 457 Opera Facultatis philosophicae Universitatis Masarykianae | |
| 500 | |a 250 výtisků | ||
| 500 | |a Literaturverzeichnis: Seite 271-279 | ||
| 500 | |a Teilweise Querdruck | ||
| 546 | |a Text tschechisch, teilweise deutsch und Latein. Zusammenfassung in englischer Sprache | ||
| 600 | 0 | 7 | |a Sigismund |c Heiliges Römisches Reich, Kaiser |d 1368-1437 |0 (DE-588)118614185 |0 (DE-603)086955136 |2 gnd |
| 648 | 7 | |a Geschichte |2 gnd | |
| 650 | 7 | |a Pfandrecht |0 (DE-588)4045466-6 |0 (DE-603)085127515 |2 gnd | |
| 650 | 7 | |a Kirchengut |0 (DE-588)4163918-2 |0 (DE-603)085728918 |2 gnd | |
| 655 | 7 | |a Quelle |2 gnd-content |0 (DE-588)4135952-5 |0 (DE-603)085503576 | |
| 787 | 0 | 8 | |i Rezensiert in |a Jan, Libor, 1960- |t Bárta, Stanislav: Zástavní listiny Zikmunda Lucemburského na církevní statky (1420-1437) |w (DE-603)492718164 |
| 787 | 0 | 8 | |i Rezensiert in |a Krzenck, Thomas, 1959- |t [Bárta, Stanislav: Zástavní listiny Zikmunda Lucemburského na církevní statky (1420-1437)] |w (DE-603)506127281 |
| 856 | 4 | 2 | |m V:DE-603;B:DE-Mb50 |q application/pdf |u http://scans.hebis.de/HEBCGI/show.pl?41774184_toc.pdf |3 Inhaltsverzeichnis |
| 856 | 4 | 2 | |m Digitalisierung BSB M��nchen 19 - ADAM Catalogue Enrichment |q application/pdf |u http://bvbr.bib-bvb.de:8991/F?func=service&doc_library=BVB01&local_base=BVB01&doc_number=029883971&sequence=000005&line_number=0003&func_code=DB_RECORDS&service_type=MEDIA |3 Abstract |
| 924 | 0 | |9 Mb 50 |a (DE-603)1008403628 |b DE-Mb50 |c HES |d c |g 17.06010 | |
| 924 | 0 | |9 2080 |a (DE-603)1175079014 |b DE-2080 |c HES |d d |g / | |


